000 01209nam0a2200241 i 4500
001 RU\NLR\bibl\1869604
005 20240726013358.0
035 _a(NLR Aleph) 001859455
090 _a2511233
_c2511233
100 _a20120214d2008 |||y0rusy50 ca
101 0 _arus
102 _aRU
105 _ay dm |||||
200 1 _aФормирование и деятельность органов политической полиции России во второй четверти XIX - начале XX вв.
_e(на материалах Ставрополья и Терека)
_eавтореферат диссертации на соискание ученой степени к. ист. н.
_eспециальность 07.00.02 <Отеч. ист.>
_fБродникова Марина Николаевна
_g[Ставроп. гос. ун-т]
210 _aСтаврополь
_d2008
215 _a25 с.
_d21
320 _aБиблиогр.: с. 25 (4 назв.) и в подстроч. примеч.
686 _a07.00.02
_2oksvnk
700 1 _aБродникова
_bМ. Н.
_gМарина Николаевна
801 0 _aRU
_bNLR
_c20120214
_gRCR
801 1 _aRU
_bNLR
_c20120214
942 _cBOOK